00884cam a22002411 450000100060000000300080000600500170001400800410003103500190007203500180009104000320010904100080014108200220014910000330017124501250020426000420032930000300037165000240040165000500042594200120047599900170048795201380050451926BD-RjUL20211209075730.0160904s1961 ilua 000 0 eng  a(BD-RjUL)52046 a(OCoLC)166524 aDLCcODaWUdOCoLCdDLCbeng aeng a519.53bDUS 1961 1 aDuncan, Otis Dudley.915530410aStatistical geography :bproblems in analyzing areal data / cby Otis Dudley Duncan, Ray P. Cuzzort, and Beverly Duncan. aGlencoe, Ill. :bFree Press, c[1961] a191 p. :bill. ; c24 cm. 0aStatistics.9155305 0aSocial sciencesxMathematical models.9152861 2ddccBK c51926d51926 00102ddc40708NFICaRUCLbRUCLcStackd1963-06-20eZeetlingerg45.00l0o519.53 DUS 1961r2016-09-04 00:00:00tC-2w2021-12-09yBK